[ Bibliografía sobre adolescencia de la región latinoamericana ]
Na minha lista:
| Autor Corporativo: | |
|---|---|
| Formato: | Texto |
| Publicado em: |
Washington, D.C.:
OPS. OMS. Fundación W.K. Kellogg
|
| Assuntos: | |
| Tags: |
Adicionar Tag
Sem tags, seja o primeiro a adicionar uma tag!
|
MARC
| LEADER | 00000 a a2200000 04500 | ||
|---|---|---|---|
| 001 | 32636 | ||
| 003 | |||
| 040 | |||
| 090 | |a 200300 |b REFERENCIA | ||
| 110 | |a Salud Integral del Adolescente. Programa Regional de Salud Maternoinfantil | ||
| 245 | |a [ Bibliografía sobre adolescencia de la región latinoamericana ] | ||
| 260 | |a Washington, D.C.: |b OPS. OMS. Fundación W.K. Kellogg | ||
| 300 | |a 200 p. | ||
| 500 | |a Publicaciones indexadas por BIREME | ||
| 650 | |a ADOLESCENTES | ||
| 650 | |a BIBLIOGRAFIA ANOTADA | ||
| 650 | |a MATERIAL DE REFERENCIA | ||
| 650 | |a AMERICA LATINA | ||
| 650 | |a EMBARAZO | ||
| 650 | |a MEDICINA | ||
| 650 | |a PSIQUIATRIA | ||
| 650 | |a PSICOLOGIA | ||
| 999 | |c 16609 |d 16609 | ||
